000 00237nam a2200097Ia 4500
008 170619s9999 xx 000 0 und d
100 _aN I I T
245 0 _aEthics and security management on the web
260 _bNew Delhi: PHI
260 _c2003
546 _aENGLISH
999 _c17818
_d17818